| 000 | 00491nam a22001817a 4500 | ||
|---|---|---|---|
| 005 | 20230109100112.0 | ||
| 008 | 221216b |||||||| |||| 00| 0 eng d | ||
| 020 | _a978-81-272-6819-0 | ||
| 041 | _aeng | ||
| 082 | _a633 SIN-C | ||
| 100 |
_aSINGH,S.S AND SINGH, RAJESH _97351 |
||
| 245 | _aCROP MANAGEMENT UNDER IRRIGATED AND RAINEED CONDITION | ||
| 250 | _a5th ed. | ||
| 260 |
_aLUDHINA _bKALYANI PUBLISHERS _c2020 |
||
| 300 | _a554;P. | ||
| 650 |
_aAGRICULTURE _92837 |
||
| 942 | _cBK | ||
| 999 |
_c8054 _d8052 |
||